| 000 | 00000nas 2200000za 4500 |
| 001 | 9.825759 |
| 003 | CaOODSP |
| 005 | 20230905151625 |
| 007 | cr ||||||||||| |
| 008 | 161013u1996 onc u m o f0###|0eng|d |
| 040 | |aCaOODSP|beng |
| 043 | |an-cn--- |
| 086 | 1 |aNH15-132E-PDF |
| 130 | 0 |aBest practice guide, building technology. |
| 245 | 10|aBest practice guide, building technology |h[electronic resource]. |
| 260 | |aOttawa :|bCanada Mortgage and Housing Corporation,|c[1996]- |
| 500 | |aSome issues have title: Best practice guide. |
| 530 | |aIssued also in print. |
| 692 | 07|2gccst|aConstruction |
| 692 | 07|2gccst|aBest practices |
| 710 | 2 |aCanada Mortgage and Housing Corporation. |
| 775 | 08|tGuide des règles de l'art, technologie du bâtiment.|w(CaOODSP)9.926940 |
| 776 | 0#|tBest practice guide |w(CaOODSP)9.514812 |